000 00907nam a2200253Ia 4500
003 OSt
005 20221005112226.0
006 a|||||r|||| 00| 0
007 ta
008 221004b |||||||| |||| 00| 0 pan d
020 _a9788171435678 (hbk)
024 _a17945
037 _bGift, 26/05/2015,
_cTextual
040 _aCRL
_cCRL
_bpan
041 _2pan
_apan
082 _aO153:g(X:3M24), Q2
100 _aਨਰੇF ਕੁਮਾਰ
_9159992
245 0 _aਮਾਰਕਸਵਾਦੀ ਸਾਹਿਤ ਚਿੰਤਨ
_b ਤੁਲਨਾਤਮਕ ਪਰਿਪੇਖ
260 _aਅੰਮ੍ਰਿਤਸਰ
_bਰਵੀ ਸਾਹਿਤ ਪ੍ਰਕਾFਨ ਭਾਰਤ
_c2012
300 _a224ਪੰ
_ccm.
650 _aਪੰਜਾਬੀ ਸਾਹਿਤ
942 _hO153:g(X:3M24), Q2
_cTEXL
_2cc
999 _c1024249
_d1024249